000 00703nam a2200253Ia 4500
003 OSt
005 20220930072157.0
006 a|||||r|||| 00| 0
007 ta
008 220926b |||||||| |||| 00| 0 hin d
024 _a19088
037 _cTheses
040 _aCRL
_cCRL
_bhin
041 _2hin
_ahin
100 _aNeelam Kumari
_9529503
110 _aUniversity of Delhi. Faculty of Arts. Department of Hindi
245 0 _aJayasi ke kavya mein samajik chetna
260 _c1987
300 _a276p.
_ap.
_ccm.
650 _aHINDI LITERATURE
_923866
700 _aUniversity of Delhi. Faculty of Arts. Department of Hindi
942 _cDIS
_2CC
999 _c863512
_d863512